000 00434nam a2200181Ia 4500
003 GCL
008 140319s9999 xx 000 0 eng d
040 _aGCL /
_cGCL
082 0 4 _a508
_bB H
100 1 _aBUFFON
245 1 0 _aHISTOIRE NATURELLE /
_cBUFFON
700 1 _aVARLOOT, JEAN
260 _a[S.N] :
_bGALLIMARD ،
_c1984
300 _a343
490 _aCOLLECTION FOLIO
_v0
650 0 4 _aNATURAL HISTORY
942 _2ddc
_cBK
999 _c25461
_d25461